00409 2200157 4500001002100000008004100021020002200062035002000084082000800104084001400112100001700126245004900143260002500192300002200217990001200239INLIS000000000002849 IND  a978-602-03-2821-8 a0010-0925000196 a813 a813 NOV i aNovanka Raja aIbuku Perempuan Berwajah SurgacNovanka Raja aJakartabZettuc2012 a238c(13 x 19 cm) a0755071